Responses for Show #6292 - Tuesday, January 17, 2012

Contestants

[<< previous game]

Amy Stephenson, a writer and editor from Sunnyside, New York

Daniel Hodge, an actuary from Charlotte, North Carolina

Betsy Schroeder, a graduate student of veterinary medicine from Blacksburg, Virginia (whose 1-day cash winnings total $12,200)

[next game >>]

Jeopardy! Round responses

AVIATION FIRSTS
STATE SONGS
(Alex: You have to name the state, of course.)
YOU MIGHT "B" HUNGRY
(Alex: In honor of his birthday today, a whole category dedicated to...)
MUHAMMAD ALI AT 70
(Alex: We're dealing with numerals in...)
ORDINALLY SPEAKING
NORMAN INVASION
    $200 26
the English Channel

Daniel
    $200 7
Vermont

Daniel
    $200 2
[Alex pronounced "Bros" as "Brothers".]

bagels

Daniel
    $200 1
Cassius (Marcellus) Clay

Amy
    $200 18
(Daniel: What is 5th Avenue?)

7th Avenue

DanielAmy
    $200 12
Norman Lear

Betsy
    $400 27
[end-of-round signal sounds]

a Zeppelin

Betsy
    $400 8
Wisconsin

Betsy
    $400 3
a boysenberry

Daniel
    $400 15
Rome

Betsy
    $400 19
the fourth wall

Daniel
    $400 13
(Daniel: What is New Mexico?)

Oklahoma

DanielAmy
    $600 9
(Betsy: What is North Dakota?)

South Dakota

BetsyAmy
    $600 4
Bing cherry

Daniel
    $600 16
Sonny Liston

Betsy
    $600 20
a sixth sense

Betsy
    $600 14
(Norman) Schwarzkopf

Betsy
    $800 10
Illinois

Daniel
    $800 5
bratwurst

Daniel
    $800 17
(Joe) Frazier

Daniel
    $1,000 22
(Betsy: What is a Private First Class?)
(Alex: No that's non-commissioned. We're talking about commissioned officers, [*] is the lowest.)

Second Lieutenant

Betsy
    $800 24
Scotland Yard

Amy
    $1000 11
Indiana

Amy
    $1000 6
BĂ©arnaise

Betsy
    $1000 21
Will Smith

Betsy
    $1000 23
the eighth wonder of the world

Daniel
    $1000 25
(Norman) Mailer

Daniel

Scores at the first commercial break (after clue 15):

Betsy Daniel Amy
$2,000 $2,600 $2,200

Scores at the end of the Jeopardy! Round:

Betsy Daniel Amy
$3,600 $5,800 $3,200

Double Jeopardy! Round responses

NORWAY'S CULTURE & HISTORY
LEGAL MATTERS
I PLAYED A DOCTOR & SOME OTHER GUY ON TV
CLASSICAL MUSIC
POSSESSIVE BOOK TITLES
"TRI" TIPS
    $400 22
Valhalla

Amy
    $400 7
larceny

Amy
    $400 6
Neil Patrick Harris

Amy
    $400 10
(Betsy: What is a bass?)

a cello

BetsyDaniel
    $400 1
Hitchhiker's

Daniel
    $400 15
trisect

Betsy
    $800 23
(Alex: You are correct, the Gospels.)

Matthew, Mark, Luke & John

Daniel
    $2,000 8
an embargo

Amy
    $800 30
(Betsy: Who is Patrick--) [Times-up signal sounds]

(Patrick) Dempsey

BetsyDaniel
    $800 11
Water Music

Daniel
    $800 2
Cat's

Betsy
    $800 16
Triumph (the Insult Comic Dog)

Daniel
    $1200 24
a monolith

Daniel
    $1200 9
Guantánamo Bay

Daniel
    $1200 29
George Clooney

Betsy
    $5,000 12
[Daniel smiles broadly after just a few words of the clue.]
(Alex: And that's why we have Gregorian chants. Slam dunk for you!)

Gregory

Daniel
    $1200 3
Portnoy

Amy
    $1200 17
tripod

Amy
    $1600 25
Edward VII

Daniel
    $1600 20
the Solicitor General

Triple Stumper
    $1600 28
Jack Klugman

Amy
    $1600 13
(Zubin) Mehta

Daniel
    $1600 4
Foucault

Betsy
    $1600 18
Tribeca

Betsy
    $2000 26
Sami

Amy
    $2000 21
Ferguson

Daniel
    $2000 27
Robert Young

Triple Stumper
    $2000 14
(Aram) Khachaturian

Daniel
    $2000 5
(Daniel: What is Time Traveler's?)

The Memory Keeper's Daughter

Daniel
Triple Stumper
    $2000 19
a trireme

Amy

Scores at the end of the Double Jeopardy! Round:

Betsy Daniel Amy
$8,000 $22,400 $14,400

[wagering suggestions for these scores]

Final Jeopardy! Round responses

U.S. POPULATION
BetsyWhat are Arizona and New Mexico?
$0
AmyWhat are Arizona and Nevada?
$4,000
DanielWhat are Arizona & New Mexico?
$6,401
Arizona and Nevada

Final scores:

Betsy Daniel Amy
$8,000 $15,999 $18,400
3rd place: $1,000 2nd place: $2,000 New champion: $18,400

Game dynamics:

Coryat scores:

Betsy Daniel Amy
$9,000 $18,600 $13,200
14 R,
4 W
(including 1 DD)
24 R
(including 1 DD),
3 W
15 R
(including 1 DD),
0 W

Combined Coryat: $40,800

[game clues] [game scores] [suggest correction]

Game tape date: 2011-11-09
The J! Archive is created by fans, for fans. Scraping, republication, monetization, and malicious use prohibited; this site may use cookies and collect identifying information. See terms. The Jeopardy! game show and all elements thereof, including but not limited to copyright and trademark thereto, are the property of Jeopardy Productions, Inc. and are protected under law. This website is not affiliated with, sponsored by, or operated by Jeopardy Productions, Inc. Join the discussion at JBoard.tv.